000 01164nam a2200217 a 4500
001 000035805
005 20200930074627.0
008 111114s1973 dr 000 0 spa d
040 _aDO-SdBNP
_bspa
_cBNPHU
245 0 0 _aFundamentos teóricos de la historia /
_cL. Hosak...[et. al] ; editor Juan Pablos.
260 _aMéxico :
_bJuan Pablos,
_c1973.
300 _a110 p. ;
_c21 cm.
500 _aIncluye referencias bibliográficas y notas al pie de las páginas
505 0 _a1. Significación de la historia para el progreso nacional y social. Tareas del estudio de la historia --
_t2. Esencia y contenido de la historia. Su posición entre las ciencias sociales --
_t3. Resumen de la evolución de las opiniones sobre la historia en el período anterior a Marx --
_t4. Concepciones burguesas de la historia, desde el surgimiento del marxismo hasta la revolución de octubre --
_t5. Materialismo histórico.
590 _aPerteneció a la biblioteca personal de Juan Isidro Jimenes Grullón
650 4 _aHistoria
_xFilosofía
_98155
650 4 _aHistoriografía
_913064
700 1 2 _aHosak, L.
_961755
700 1 2 _aPablos, Juan
_eed.
_961756
049 _aBNPD
999 _c35296
_d35296